1269 1527 1117 1646 1271 1065 1708 1301 1256 1754 1474 1799 1378 1521 1629 1659 1600 1881 1709 1638 1286 1244 1882 1566 1954 1633 1737 1175 1222 1414 1631 1751 1258 1948 1157 1948 1288 1437 1737 1307 1322 1117 1371 1173 1989 1446 1661 1849 1829 1886 1382 1428 1025 1840 1868 1452 1087 1248 1862 1052 1009 1469 1696 1589 1114 1509 1309 1168 1803 1096 1155 1861 1117 1701 1532 1829 1252 1212 1615 1472 1277 1227 1919 1921 1403 1393 1565 1801 1363 1662 1254 1436 1788 1454 1449 1132 1907 1312 1755 BCNSPRNW ULIB Ver.6.0+V

เปลี่ยนเป็นภาษาไทย

Change to English
 แสดงรายละเอียดบรรณานุกรม
  กลับหน้าหลัก

Brief Record : Get Marc (ISO 2709) : E-mail record : QR code < ปิดหน้าต่าง
LEADER : 00000nam 2200000uu 4500
001    13399127942
003     ULIB
008    211115s2021||||th 000 0 tha d
020    ^a9780323636520
060 04 ^aWS270^bR823T
100 1  ^aRoss E. Petty
245 10 ^aTextbook of pediatric rheumatology /^cRoss E. Petty, Ronald M. Laxer, Carol B. Lindsley,Lucy R. Wedderburn, Elizabeth D. Mellins,Robert C Fuhlbrigge
250    ^a8th ed.
260    ^aPhiladelphia :^bElsevier,^c2021
300    ^axii, 748 p. :^bill. ;^c29 cm.
504    ^aIncludes bibliographical references
650  2 ^aArthritis^xin infancy & childhood
650  2 ^aCollagen Diseases^xin infancy & childhood
650  2 ^aRheumatic Diseases^xin infancy & childhood
700 1  ^aPetty, Ross E.
945    ^p5295^l0^i008530
999    ^aประนอม เกษจรัล
รายการนี้ยังไม่มีแท็ก
คุณยังไม่ได้ล็อกอิน คุณสามารถมีกิจกรรมร่วมกับเว็บไซต์ได้ แต่ต้องล็อกอินก่อน ::
  ล็อกอิน

รายการสื่อสารสนเทศ

ลำดับที่ ประเภท เลขเรียก/บาร์โค้ด สถานที่ สถานะ
1. วิทยาศาสตร์การแพทย์ และสุขภาพ
หนังสือสำรอง
สถานะ=หนังสือสำรอง
WS270 R823T ฉ.1 
  Barcode: 008530
ห้องสมุดวิทยาเขตสวรรค์ประชารักษ์
►หนังสือทั่วไป
บนชั้น

BibComment


ยังไม่เคยถูกคอมเมนท์

คอมเมนท์ทรัพยากรรายการนี้
  คอมเมนท์: Textbook of pedi..


 Copyright 2026. Bcnsprnw @Library